000 00339nam a2200145Ia 4500
003 OSt
008 191201s2013 xx 000 0 und d
100 _aBHAVIKATI,SS
245 0 _aSurveying and Levelling Vol-I
250 _aRep
260 _aN. Delhi
_bI.K. International
_c2013
300 _a390
650 _aB.Tech(CE)
942 _2ddc
_cBK
999 _c5884
_d5884